000 03315cam a2200385 i 4500
001 4102
003 FISKH
005 20240606155727.0
008 240606b cb ||||| |||| 00| 0 eng d
010 _a 2017036979
020 _a9780374134716 (hardcover)
020 _z9780374717735 (ebook)
040 _aDLC
_beng
_cDLC
_erda
_dDLC
042 _apcc
043 _af-sa---
050 0 0 _aDT1974
_b.M327 2017
082 0 0 _a968.07/1092
_aB
_223
100 1 _aMandela, Nelson,
_d1918-2013,
_eauthor.
245 1 0 _aDare not linger :
_bthe presidential years /
_cNelson Mandela and Mandla Langa ; with a prologue by Graça Machel.
264 1 _aLondon :
_bMacMillan,
_c2017.
300 _axix, 358 pages, 24 unnumbered pages of plates :
_billustrations (chiefly color) ;
_c24 cm
336 _atext
_btxt
_2rdacontent
337 _aunmediated
_bn
_2rdamedia
338 _avolume
_bnc
_2rdacarrier
504 _aIncludes bibliographical references and index.
505 0 _aThe challenge of freedom -- Negotiating democracy -- A free and fair election -- Getting into the union buildings -- National unity -- The presidency and the Constitution -- Parliament -- Traditional leadership and democracy -- Transformation of the state -- Reconciliation -- Social and economic transformation -- Negotiating the media -- On the African and world stages -- Epilogue.
520 _a"'I have discovered the secret that after climbing a great hill, one only finds that there are many more hills to climb. I have taken a moment here to rest, to steal a view of the glorious vista that surrounds me, to look back on the distance I have come. But I can rest only for a moment, for with freedom come responsibilities, and I dare not linger, for my long walk is not yet ended.'--Nelson Mandela, Long Walk to Freedom. In 1994, Nelson Mandela became the first president of a democratic South Africa. From the outset, he was committed to serving only a single five-year term. During his presidency, he and his government ensured that all of South Africa's citizens became equal before the law, and he laid the foundation for turning a country riven by centuries of colonialism and apartheid into a fully functioning democracy. Dare Not Linger is the story of Mandela's presidential years, drawing heavily on the memoir he began to write as he prepared to leave office, but was unable to finish. Now the acclaimed South African writer Mandla Langa has completed the task, using Mandela's unfinished draft, detailed notes that Mandela made as events were unfolding, and a wealth of unseen archival material. With a prologue by Mandela's widow, Graça Machel, the result is a vivid and often inspirational account of Mandela's presidency and the creation of a new democracy. It tells the story of a country in transition and the challenges Mandela faced as he strove to make his vision for a liberated South Africa a reality."--Dust jacket flap.
600 1 0 _aMandela, Nelson,
_d1918-2013.
650 0 _aPresidents
_zSouth Africa
_vBiography.
651 0 _aSouth Africa
_xPolitics and government
_y1994-
700 1 _aLanga, Mandla,
_d1950-
_eauthor.
906 _a7
_bcbc
_corignew
_d1
_eecip
_f20
_gy-gencatlg
942 _2ddc
_cBK
_n0
999 _c4102
_d4102